TNA Wrestling PPV Main Events - 2013-2016 - Statistics

General Stats
  • This quiz has been taken 46 times
  • The average score is 17 of 23
Answer Stats
PPV Answer % Correct
Genesis 2013, Lockdown 2014, Slammiversary 2014 Austin Aries
97%
Lockdown 2013, Slammiversary 2013, Bound for Glory 2013 Bully Ray
97%
Genesis 2013, Lockdown 2013 Jeff Hardy
97%
Slammiversary 2013 Sting
97%
Lockdown 2014 Willow
97%
Bound for Glory 2013 AJ Styles
94%
Slammiversary 2014, Slammiversary 2016, Bound for Glory 2016 Bobby Lashley
94%
Slammiversary 2015, Bound for Glory 2015 Matt Hardy
94%
Genesis 2013, Lockdown 2014, Slammiversary 2015 Bobby Roode
91%
Sacrifice 2014 Magnus
88%
Bound for Glory 2015, Bound for Glory 2016 Ethan Carter III
82%
Slammiversary 2015, Bound for Glory 2015, Slammiversary 2016 Drew Galloway
79%
Slammiversary 2015 Jeff Jarrett
79%
Sacrifice 2014, Slammiversary 2014, Slammiversary 2015 Eric Young
73%
Bound for Glory 2014 James Storm
73%
Lockdown 2014 MVP
64%
Lockdown 2014 Eddie Edwards
61%
Lockdown 2014 Davey Richards
52%
Bound for Glory 2014 The Great Sanada
48%
Bound for Glory 2014 The Great Muta
42%
Lockdown 2014 Robbie E
39%
Lockdown 2014 Jessie Godderz
36%
Bound for Glory 2014 Tajiri
36%
No matching quizzes found
Score Distribution
Percent of People with Each Score
Percentile by Number Answered
Your Score History
You have not taken this quiz